000 01071nam a2200277 i 4500
003 EG-GICUC
005 20260504194041.0
008 260504q19001999ua ||||f ||||i00| 0 ara d
040 _a EG-GICUC
_bara
_c EG-GICUC
_d EG-GICUC
_erda
082 0 4 _221
_a341.33
092 0 4 _221
099 _aLaw1 11 341.33 م ح . ع 1109913 C1
100 0 _aمحمد التابعي
_eمعد.
245 _aالعمل الدبلوماسي بين النظرية والتطبيق /
_cإعداد السفير محمد التابعي.
264 _aمصر :
_bمعهد الدراسات الدبوماسية، وزارة الخارجية،
_c[بين 1900 و1999]
300 _a154 صفحة ؛
_c24 سم
336 _2rda content
_atext
337 _2rda media
_aComputer
338 _2rda carrier
_aOnline Resource
650 1 _aالقانون الدولي العام
_2qrmak
650 1 _aالدبلوماسية والسلك الدبلوماسى
_2qrmak
651 1 _2qrmak
856 4 0 _uhttps://fll.law.cu.edu.eg/fulltext/bks/B11-09913.pdf
905 _a162
942 _2ddc
_cBK
_e21
_n0
999 _c75545
_d75545